| 000 | 00439cam a2200181ua 4500 | ||
|---|---|---|---|
| 020 | _c10.00 | ||
| 041 |
_ahin _h |
||
| 082 |
_a891.43 _bSAC/BA |
||
| 100 | _aSachindranath, Sanyal . | ||
| 245 |
_aBandhi jeewan / _cSachindranath sanyal. _hTextual Documents |
||
| 250 |
_a1 / _b. |
||
| 260 |
_aDelhi : _bAtmaram and Sons , _c1963. |
||
| 300 | _a439 ; . | ||
| 365 | _a10.00 | ||
| 504 | _a | ||
| 942 | _cBK | ||
| 999 |
_c11920 _d11920 |
||